000 00801nam a2200193 a 4500
008 120416s1992 ||||||||||||||||| || u
020 _a0750601108
050 _aHF 5657.4 War
100 _aWard, Keith
245 1 0 _aStrategic management accounting
260 _aOxford
_bBUTTERWORTH HEINEMANN
_c1992
300 _aviii,307p.;ill.
350 _a0.00
650 0 _aMANAGERIAL ACCOUNTING
650 0 _aMANAGEMENT
650 0 _aSTRATEGIC PLANNING
995 _aMAIN LIBRARY OPEN ACCESS
_D0.00
_e734682
_FCBU-MAIN LIBRARY (Kitwe)
_H2
_I0.00
_jHF 5657.4 War
_M2
_UAVAILABLE
_WNov 23, 2006
_y47958
_ZMain Library Open Access Collection
995 _aMAIN LIBRARY OPEN ACCESS
_D0.00
_e730600
_FCBU-MAIN LIBRARY (Kitwe)
_H1
_I0.00
_jHF 5657.4 War
_M1
_UAVAILABLE
_WNov 23, 2006
_y027476
_ZMain Library Open Access Collection
999 _c76849
_d76849